[Event "Sarajevo Bosnia 34th"]
[Site "Sarajevo"]
[Date "2004.05.19"]
[Round "2"]
[White "Atalik, Suat"]
[Black "Predojevic, Borki"]
[Result "1/2-1/2"]
[WhiteElo "2558"]
[BlackElo "2490"]
[Annotator "Atalik,S"]
[PlyCount "62"]
[EventDate "2004.05.18"]
[EventType "tourn"]
[EventRounds "9"]
[EventCountry "BIH"]
[EventCategory "15"]
[SourceTitle "CBM 101"]
[Source "ChessBase"]
[SourceDate "2004.07.27"]
[SourceVersion "1"]
[SourceVersionDate "2004.07.27"]
[SourceQuality "1"]

1. d4 {Krasenkow,M} Nf6 2. c4 g6 3. Nc3 d5 4. Bg5 {Somehow I have thought that
this line should be dangerous against him.I had analysed some early Taimanov
games in this line.} Ne4 5. Bh4 Nxc3 6. bxc3 dxc4 (6... c5 7. cxd5 Qxd5 8. e3
cxd4 9. Qxd4 Qxd4 10. cxd4 $13) 7. e3 Be6 {Krasenkow,M: 'In this line White's
compensation for the pawn consists in his advantage in the centre and
development.'} 8. Qb1 {'!' Krasenkow,M.} (8. Rb1 {is another line.  Krasenkow,
M: 'is played more often but is not too dangerous for Black. Here is a
remarkable game:'} b6 {Krasenkow,M: 'is the main line'} (8... c6 $5 {Krasenkow,
M} 9. Rxb7 Qa5 10. Qc2 Nd7 11. Rb1 $6 c5 12. Nf3 Bg7 13. Nd2 Nb6 14. dxc5 Na4
15. Bxc4 Nxc3 16. Rb7 O-O $44 {0-1 Sorin,A-Odeev,H/Moscow 1994/CBM 44 ext (24).
(24)}) 9. Be2 Bd5 (9... Bg7 10. Bf3) 10. Nf3 Bg7 11. O-O O-O 12. Nd2 c5 13. e4
Bb7 14. d5 Bxc3 15. Nxc4 $44) 8... Qd5 $5 {A typical computer move.These days
players like our kid chose computer suggestions.} (8... b6 {is the normal
continuation.} 9. Nf3 Bg7 10. Ng5 Bd5 (10... Qd7 {Krasenkow,M} 11. Nxe6 Qxe6
12. Qb5+ c6 13. Qxc4 Qe4 14. Bg3 Nd7 15. Rg1 a6 16. Bd3 $14 {1/2-1/2 Grooten,
H-Nijboer,F/Rotterdam 2000/CBM 77 (61)}) 11. e4 h6 12. exd5 (12. Nf3 {
Krasenkow,M} Be6 13. Be2 O-O 14. O-O c6 15. a4 a6 16. Qb4 c5 17. Qa3 g5 18. Bg3
g4 19. Ne5 cxd4 20. cxd4 Qxd4 $17 {0-1 Obsivac,J-Oral,T/CZE 2002/EXT 2003 (44)}
) 12... hxg5 13. Qb5+ Qd7 14. Qxd7+ Nxd7 15. Bxg5 b5 16. a4 Nb6 (16... b4 {
Krasenkow,M} 17. cxb4 Bxd4 18. O-O-O Bc3 19. Bxc4 $14 {1/2-1/2 Schussler,
H-Welin,T/Malmo 1986/EXT 97 (19)}) 17. axb5 O-O-O 18. Kd2 Bh6 19. Bxh6 Rxh6 20.
Be2 Rxd5 21. Rhb1 e5 22. Bf3 Rd6 23. Rxa7 Rxh2 24. Re1 exd4 25. Bc6 dxc3+ 26.
Kxc3 Re6 27. Rea1 $44) (8... Qc8 $6 {Krasenkow,M} 9. Nf3 h6 10. Be2 Nd7 11. O-O
Bg7 12. Nd2 Nb6 13. a4 a5 14. Ne4 Bf5 15. Qb5+ Qd7 16. Nc5 Qxb5 17. axb5 $44 {
1-0 Topalov,V-Zadrima,A/Varna 1994/EXT 97 (33)}) 9. Nf3 {It looked like my
opponents choice left e7 weak so I did not hesitate to play normal moves.} (9.
Ne2 {Krasenkow,M} Bc8 (9... Bf5 $143 10. Nf4 Qa5 11. Qb2) 10. Nf4 Qa5 11. Qb4
Qxb4 12. cxb4 e6 (12... b5 $5 13. Nd5 Na6 14. a4 c6) 13. b5 Bb4+ 14. Kd1 a6 15.
Bxc4 axb5 16. Bxb5+ Bd7 17. Bc4 Bd6 18. Kd2 O-O 19. Nd3 Nc6 20. Bg3 {1/2-1/2
Ogaard,L-Scholseth,T/Gausdal 1994/EXT 97 (20).}) 9... Qa5 10. Qb2 Nd7 {
Krasenkow,M: 'Black continues his development but what is he going to do with
his king and kingside?'} 11. Be2 (11. Ng5 {Krasenkow,M} Bd5 12. e4 h6 13. exd5
hxg5 14. Bxg5 Qxd5 {is quite pleasant for Black.}) 11... Nb6 {Krasenkow,M:
'Starting a forced action, which, however, doesn't change the character of the
position.'} (11... Bd5 {Krasenkow,M} 12. O-O Bg7 13. Nd2 $44 (13. e4 $5 Bxe4
14. Nd2 $44)) 12. O-O Na4 13. Qxb7 $8 ({Since} 13. Qa3 $2 b5 14. Rfc1 Bd5 $19 {
leaves no room for my queen I had to stick to the game continuation.}) 13...
Bd5 14. Qb1 Nxc3 15. Qe1 {Krasenkow,M: 'Black still has development problems!'}
Bg7 {Draw offer. And I find it really irritating. This position resembles to
anything but a draw!} 16. e4 $1 (16. Rc1 {Krasenkow,M} Nxe2+ 17. Qxe2 f5 {
[%csl Gd5]}) 16... Nxe2+ {A necessary move.} (16... Bxe4 17. Rc1 (17. Bxc4 {
Krasenkow,M} e6 18. Ne5 $44 {[%cal Ra1c1]}) 17... Nxe2+ 18. Qxe2 f5 19. Rxc4 (
19. Ng5 Qd5 20. Rxc4 Bxd4 21. Nxe4 fxe4 22. Rxc7 $14) 19... O-O 20. Rc5 Qb6 21.
Rfc1 $44) 17. Qxe2 Be6 18. d5 $6 {Probably this makes the game
uncharacteristically complicated. Krasenkow,M: 'After this unnecessary
exchange sac White's initiative vanishes.'} (18. Rac1 c3 19. Rc2 Rb8 20. Qe3 c5
21. d5 Bd7 22. e5 $40) (18. Rab1 $5 {Krasenkow,M} c3 19. d5 $40 {[%csl Re8]})
18... Bxa1 (18... Bd7 {Krasenkow,M} 19. Rab1) 19. dxe6 Bf6 $8 20. e5 $5 {
This was not my original intention.} ({However after} 20. Bg3 fxe6 21. Qxc4 e5
{I could not come up with anything in particular.} 22. Bxe5 $140 $2 Bxe5 23.
Qc6+ Kf7 24. Ng5+ Kg7 25. Ne6+ Kf6 (25... Kh6 $2 26. Qc1+) 26. Nxc7+ Bd6 27.
Nxa8 Kg7 $19) 20... Bxh4 21. exf7+ Kxf7 22. Qxc4+ Kg7 23. Qxh4 {Krasenkow,M:
'Of course, White has some compensation for the exchange as the black king is
not protected enough; however, his position was much more promising six moves
earlier!'} Rae8 $2 {Our white bright hope is very timid.} (23... Qxa2 $1 {
is of course the move.} 24. e6 $1 (24. Qxe7+ Qf7 25. Qc5 Rhe8 $17) 24... Rhe8
25. Ng5 h6 26. Qd4+ Kg8 27. Qe4 Qb2 28. Nf7 Qg7 $17) 24. Qc4 Rhf8 25. Rc1 Rxf3
$1 {'?!' Krasenkow,M. Before my knight starts creating some problems he
whitewashed it. Krasenkow,M: 'Black gives up the exchange to obtain a small
positional advantage (White's double pawns), which is by no means enough to
win the game, especially as White immediately attacks the a7 and e7 pawns.'} (
25... Rb8 $5 {[%cal Yb8b4] (Krasenkow,M) was a justified attempt to make use
of Black's material advantage. Of course, it required a lot of courage in view
of White's counterplay!}) 26. gxf3 Qxe5 27. Qxc7 Qf6 $11 {Around here he kept
on offering 2 more draws and of course the last one was impossible to decline.}
(27... Qg5+ {Krasenkow,M} 28. Kh1) 28. Re1 Qxf3 29. Rxe7+ (29. Qd7 Kf7) 29...
Rxe7 30. Qxe7+ Kg8 31. Qd7 Qa3 1/2-1/2

[Event "Paris op"]
[Site "Paris"]
[Date "1998.??.??"]
[Round "9"]
[White "Kogan, Artur"]
[Black "Avrukh, Boris"]
[Result "0-1"]
[WhiteElo "2485"]
[BlackElo "2565"]
[Annotator "Avrukh,B"]
[PlyCount "70"]
[EventDate "1998.07.??"]
[EventType "swiss"]
[EventRounds "9"]
[EventCountry "FRA"]
[SourceTitle "EXT 2000"]
[Source "ChessBase"]
[SourceDate "1999.11.16"]
[SourceVersion "1"]
[SourceVersionDate "1999.11.16"]
[SourceQuality "1"]

1. d4 g6 2. c4 Nf6 3. Nc3 d5 4. e3 Bg7 5. Qb3 e6 6. Qa3 $5 Nc6 7. Nf3 Ne7 8.
Be2 (8. Bd3 O-O 9. O-O b6 10. Rd1 (10. Bd2 Bb7 11. cxd5 Nexd5 12. Ba6 Qc8 13.
Bxb7 Qxb7 14. Rac1 Rfd8 15. Rfd1 Rac8 16. Qb3 Nxc3 17. Bxc3 Ne4 18. Be1 c5 $11
{1/2-1/2 Finegold,B-Gurevich,I/New York op 1992 (22)}) 10... Bb7 11. cxd5 Nexd5
12. Bd2 Nxc3 13. Bxc3 Ne4 14. Bb4 Re8 15. Ba6 Qc8 16. Bxb7 Qxb7 17. Rac1 c5 18.
Be1 Red8 19. dxc5 Nxc5 {1/2-1/2 Malaniuk,V-Stohl,I/Moscow olm 1994}) (8. Qa4+
$6 c6 9. Bd3 O-O 10. O-O Nd7 {[%cal Gc6c5,Gd7b6]} 11. e4 $2 (11. cxd5 $142 $11)
11... c5 12. exd5 cxd4 13. Ne4 exd5 14. cxd5 Nb6 15. Qa3 Nexd5 $17 {0-1 Volke,
K-Lutz,C/GER-ch 1991 (33)}) 8... O-O 9. O-O b6 10. Rd1 $146 (10. Bd2 dxc4 $6 (
10... Bb7 $142) 11. Bxc4 (11. e4 Bb7 12. e5 Nfd5 13. Bg5 $1 $14) 11... Bb7 12.
Ba6 $2 (12. Rfe1 $1 {[%cal Ge3e4]} Ned5 13. Rad1 Nxc3 14. Bxc3 Ne4 15. Bb4 Re8
16. Bb5 c6 17. Bd3 a5 $5) 12... Bxa6 (12... Bxf3 13. gxf3 c5 14. dxc5 $1 bxc5
15. Rfd1 Qb6 $14) 13. Qxa6 Nd7 $11 {[%cal Gc7c5] Ftacnik,L 0-1 Klinger,
J-Ftacnik,L/Novi Sad olm 1990 (47)}) (10. c5 $6 Nd7) 10... Ne4 $5 (10... Bb7
11. cxd5 (11. Bd2 dxc4 12. Ne5 $5 {with complicated play.} (12. Bxc4 Bxf3 13.
gxf3 Nf5 $36)) 11... exd5 (11... Nexd5 12. Bd2 $14 (12. Ba6 Qc8 13. Bxb7 Qxb7
$11 {[%cal Gc7c5]})) 12. b4 c6 13. Qb3 Nf5 $13 {[%cal Gf5d6]}) 11. Bd2 $5 (11.
Nxe4 dxe4 12. Nd2 Bb7 13. b4 (13. f3 $2 exf3 14. Bxf3 Bxf3 15. Nxf3 c5 $17)
13... Nf5 14. Bb2 Qg5 $36 {[%cal Gf5h4]}) (11. Nd2 Nxc3 (11... Nxd2 12. Bxd2
Bb7 13. Rac1 $14) 12. bxc3 Bb7 13. Bb2 (13. Bf3 Nf5 {[%cal Gf5h4]}) 13... Nf5
14. cxd5 (14. Qb3 Nh4 $1 15. Bf1 Qg5 $36) 14... exd5 15. c4 dxc4 16. Nxc4 Qg5
17. d5 Bxb2 18. Qxb2 Rfe8 $11) 11... Nxd2 (11... Bb7 $6 12. cxd5 $1 (12. Nxe4
dxe4 13. Ne5 Nf5 {[%cal Gf7f6]}) 12... Nxd2 (12... exd5 13. Nxe4 $1 dxe4 14.
Ne5 $16 {[%cal Ga1c1]}) 13. Rxd2 exd5 14. Ba6 $14) 12. Nxd2 c6 13. Rac1 Bd7 (
13... Bb7 14. cxd5 exd5 15. Ba6 $14) 14. b4 {[%cal Gb4b5]} a6 15. Qb3 Nf5 (
15... b5 16. cxb5 (16. c5 f5 17. f4 $11) 16... cxb5 17. a4 $14) 16. Nf3 {
[%cal Ge3e4]} b5 17. c5 (17. cxb5 cxb5 (17... axb5 $2 18. e4 $1 (18. a4 Nd6 19.
a5 f6 {[%cal Ge6e5] and black is not worse}) 18... Nd6 19. e5 Nc4 20. Bxc4 bxc4
21. Qb2 {and white is clearly better.}) 18. e4 $6 (18. a4 Nd6 $11) 18... dxe4 (
{Not enough} 18... Ne7 19. exd5 exd5 20. Nxd5 Nxd5 21. Qxd5 Be6 22. Qxd8 Rfxd8
23. a3 $16) 19. Nxe4 {[%cal Gf3e5,Ge4c5]} Bc8 $1 {[%csl Rd4]} (19... Ne7 $143
20. Ne5 Nd5 21. Nc5 Bc8 22. Bf3 $16) 20. Nc5 (20. d5 $2 exd5 21. Rxd5 Qe7 $17)
20... Nxd4 21. Nxd4 Bxd4 22. Qf3 Ra7 23. Nb3 e5 24. Nxd4 exd4 $17) 17... Qc7 (
17... a5 $2 18. a4 axb4 19. Qxb4 bxa4 20. Nxa4 $36 {[%cal Ga4b6]}) 18. a4 (18.
e4 $2 dxe4 19. Nxe4 Rad8 {[%csl Rd4][%cal Gd7c8,Gc7f4]}) 18... Rad8 (18... e5
19. dxe5 Bxe5 20. Nxe5 Qxe5 21. Bg4 $1 {[%cal Gc3e2,Ge2d4,Gg4f5]}) 19. Bd3 Ne7
20. axb5 axb5 21. Ra1 e5 $1 22. Nxe5 Bxe5 23. dxe5 Qxe5 24. Ra7 (24. Ne2 Bg4 $1
) (24. h3 Bf5 (24... Be6 $143 25. Ne2 d4 $2 26. Qb2)) 24... Rfe8 {[%csl Ge7]}
25. h3 {[%cal Gc3e2,Ge2d4]} Be6 26. Qb2 (26. Ne2 $2 d4 27. Qb2 Qb8 $1 $17)
26... d4 27. Ne4 $2 $138 (27. Ne2 $2 Qb8 $1) (27. exd4 Rxd4 28. Ne2 Rd5 29.
Qxe5 Rxe5 $11 30. Nd4 Rd8 $1 (30... Bc4 $2 31. Bxc4 bxc4 32. Rc1 $16) 31. f4 (
31. Nf3 Red5) 31... Rxd4 $1 32. fxe5 Nd5 $44) 27... Nf5 28. Bc2 (28. g4 Bd5 (
28... Nh4 $2 29. f4 Qg7 30. Nd6 $16) 29. gxf5 (29. f4 Qg7) 29... Qxf5 $1 $17)
28... Bc4 29. Rd2 Rd5 30. f4 Qg7 31. exd4 Rxd4 32. Rxd4 (32. Nf6+ Qxf6 33. Bxf5
Red8 $17) 32... Nxd4 33. Kh1 Bd5 (33... Nxc2 $142 34. Qxc2 Qd4 $19) 34. Nd6 $2
(34. Bb1 Bxe4 35. Bxe4 Qf6 $19) 34... Re1+ 35. Kh2 Nf3+ {[%csl Rb2]} 0-1

[Event "Olympiad-38"]
[Site "Dresden"]
[Date "2008.11.19"]
[Round "6"]
[White "Hillarp Persson, Tiger"]
[Black "Avrukh, Boris"]
[Result "1/2-1/2"]
[WhiteElo "2543"]
[BlackElo "2657"]
[Annotator "Avrukh,B"]
[PlyCount "92"]
[EventDate "2008.11.13"]
[EventType "team-swiss"]
[EventRounds "11"]
[EventCountry "GER"]
[SourceTitle "CBM 128"]
[Source "ChessBase"]
[SourceDate "2009.01.28"]
[SourceVersion "1"]
[SourceVersionDate "2009.01.28"]
[SourceQuality "1"]
[WhiteTeam "Sweden"]
[BlackTeam "Israel"]
[WhiteTeamCountry "SWE"]
[BlackTeamCountry "ISR"]

1. d4 Nf6 2. c4 g6 3. Nc3 d5 4. Bg5 Ne4 5. Bh4 Nxc3 6. bxc3 dxc4 7. e3 Be6 8.
Rb1 {White has a big choice here, but I always considered the text as the
critical continuation. White's idea is to provoke the b6-move, thus slightly
weakening the h1-a8 diagonal.} Nd7 $5 {Relatively a new idea, that has brought
Black great results.} 9. Qa4 {This is already Tiger's pet move. During my
preparation for the game I noticed my opponent's game against Mikhalevski, but
to tell the truth I couldn't believe he would go for this for the second time
and hadn't prepared seriously for the game variation.} ({It is too dangerous
for White to capture on b7} 9. Rxb7 Nb6 (9... Bg7 {also comes into
consideration.}) 10. Bg3 c5 {and White's rook obviously misplaced on b7.}) 9...
Bd5 $1 {The critical reply.} (9... Bg7 {would be a serious concession:} 10.
Bxc4 Bxc4 11. Qxc4 {in this case White regains the pawn, keeping a positional
edge, for example} Nb6 12. Qb3 O-O 13. Nf3 $14) {Now Black is threatening to
play 10...a6 followed by 11...b5, keeping a healthy extra pawn, so White is
more or less forced to go for the following crazy line:} 10. Bxc4 Bxg2 11. Qb3
{[%csl Gf7]} Bh6 $1 {[%csl Gf4] It is essential to take the f4-square under
control, as after} (11... Bg7 $6 12. Bxf7+ Kf8 {White has very powerful idea :}
13. Ne2 $1 Bxh1 14. Nf4 $40 {Kaganskiy,G (2293)-Bykhovsky,A (2390)/Petach
Tikva 2008/EXT 2009 (45)}) 12. Bxf7+ Kf8 13. Bd5 Nc5 $1 {The point of Black's
previous play.} ({White would have a great compensation for the exchange in
the event of} 13... Bxh1 $2 14. Bxh1 $44) 14. Bxg2 Nxb3 15. Rxb3 $44 {Finally
we have reached the position my opponent aimed for. White has only two minor
pieces for the queen, but the weakened position of Black's king and total lack
of coordiantion among my pieces makes White's compensation quite reasonable.
Objectively speaking, I don't believe this line may pose Black any serious
problems.} Rb8 $146 {A new move , that seems to me pretty logical, as I
believe it is essential for Black to activate his rook after b5 following by
Rb6.} ({Previously Black has tried} 15... b6 {Black's play in the following
encounter looks rather unconvincing} 16. Nf3 Kg7 17. Ne5 Re8 18. O-O Qc8 19.
Nc6 Qd7 20. Bxe7 $1 $44 {Lund,E (2403)-Nielsen,P (2625)/Silkeborg DEN 2008/The
Week in Chess 697 (49)}) ({Another example} 15... b5 16. Nf3 Rb8 17. Ne5 Rb6
18. O-O Bg7 {Later on White failed to prove his compensation, but definitely a
serious improvement had been prepared by my opponent.} 19. Nc6 (19. Nd3 $5)
19... Qd7 20. d5 e6 $17 {Hillarp Persson,T (2535)-Mikhalevski,V (2632)/
Reykjavik ISL 2008/The Week in Chess 697 (33)}) 16. Nf3 Bg7 {I believe it's
important to take control over the e5-square, avoiding possible strenghtening
of White's position by means of Ne5 and f4. Also my plan includes the
following regrouping Bg7-f6 following by Kg7(f7),that would help to improve
the coordination of my pieces.} (16... b5 {would transpose to the Hillarp
Person-Mikhalevski game .}) 17. O-O b5 ({In the event of} 17... Bf6 18. Bg3 b5
{I didn't like} ({also} 18... Kg7 19. Rfb1 b6 20. Ne5 {didn't appeal to me.})
19. Ra3 $1 {and suddenly it's not easy to defend a7-pawn.}) 18. Bg3 {White had
two important alternatives :} (18. Ng5 {[%csl Ge6]} Rb6 (18... Qd7 {is worse:}
19. Bh3 Qc6 20. Bg3 $1 $44 {followed by 21.Ne6}) 19. Rxb5 {Otherwise 18.Ng5
would be senseless.} {And now I believe Black's best bet would be} Rxb5 $1 ({
After both} 19... Bf6 20. Bg3 Bxg5 21. Rxg5 $44) ({and} 19... Qc8 20. Rc5 Bf6
21. Bg3 c6 (21... Bxg5 22. Rxg5 c6 23. Rc5 $44) 22. Ne4 $44 {White obtains
interesting compensation.}) 20. Ne6+ Kf7 21. Nxd8+ Rxd8 22. Bg3 {and Black has
a pleasant choice between} e6 $5 ({and} 22... e5 23. c4 Ra5 (23... Rb4 24. Bd5+
Kf8 25. dxe5 c6 26. Bxc6 Rxc4 27. Bb7 $11) 24. dxe5 Bxe5 25. Bd5+ Rdxd5 26.
cxd5 Rxd5 $11 {with an equal endgame.}) 23. Bxc7 Rc8 24. a4 Rb2 25. Ba5 Bf6 $1
$15 {and the endgame is slightly better for Black, though it looks like White
should be able to hold.}) ({Not dangerous for Black is} 18. Ra3 {, as after}
Qc8 19. Rxa7 Ra8 {Black manages to favourably swap one pair of rooks even at
the cost of two pawns.} 20. Bh3 Qb8 21. Rxa8 Qxa8 22. Ng5 Bf6 23. Ne6+ Kf7 24.
Nxc7 Qa5 $17 {and Black is clearly better.}) 18... Rb6 19. c4 $5 {Quite a
natural reaction. White intends to open up the c-file for his rooks. Another
serious alternative would have been} (19. Ng5 h6 {Probably the best reply for
Black, worse} (19... Bf6 20. Rxb5 $1 $13) ({, or} 19... e5 20. Nf3 $1) 20. Ne4
Kf7 21. Nc5 {White's knight is very well placed on c5, but still after the
quiet} a6 $15 {I would prefer Black's position.}) 19... bxc4 {Much more passive
} (19... a6 20. c5 Rf6 21. Ne5 {and White seizes some pressure.}) 20. Rc3 Bf6 {
Black continues his strtegy of imporving the coordination among his pieces.
With his last move he vacates the g7-square for his king, this would allow
Black to quickly connect his rooks.} ({In the event of} 20... Rb4 21. a3 Ra4 {
Black's rook is clearly misplaced on a4 and White can seize the initiative by
means of} 22. Ng5 $1 $36 {[%csl Ge6]}) 21. Rxc4 c6 22. Ne5 ({After} 22. Rfc1
Kf7 23. Ne5+ Bxe5 24. Bxe5 Rg8 {we get the position from the game.}) 22... Bxe5
$5 {A very human decision , but our silicon friend disagrees with me and
prefers} (22... Kg7 23. Nxc6 Qd7 24. d5 {Quite interesting} (24. Nxe7 $5 Bxe7
25. Rc7 Qe8 26. Be5+ Rf6 27. Rb1 $44) 24... Rc8 {followed by Qb7 and Rb1.}) 23.
Bxe5 Rg8 24. Rfc1 {The following line clearly justifies my defensive strategy}
(24. Bxc6 Rxc6 $1 25. Rxc6 Qd5 26. Rc2 Kf7 $15 {and it's only Black, who can
play for a win.}) 24... Kf7 25. d5 $1 {A fantastic tactical resource, that
allows White to stay in the game.} ({Once again} 25. Bxc6 {is met strongly by}
Rxc6 $1 26. Rxc6 Qd5 $15) ({Clearly inferior is} 25. Rxc6 Rxc6 26. Bxc6 Qa5 $1
$17 {and with one pair of rooks Black is clearly better.}) 25... cxd5 26. Rc5
Re8 $1 {The best defence.} ({After} 26... Rd6 27. Bxd6 exd6 28. Rc7+ Kf6 29.
Rxa7 $11 {White is not worse.}) 27. Rxd5 Rd6 ({Of course not} 27... Qa8 $4 28.
Rd4 Rb7 29. Bd5+ $18 {and White wins.}) 28. Bxd6 exd6 29. Rc6 Re6 $15 {After
wild complications in the middlegame we have reached a calm position with rook
and bishop versus queen. In general Black is slightly better here, as he has
managed to secure his king and has a small material advantage, but White has
managed to create some kind of fortress , which is not so easy to break
through... if it is at all possible.} 30. Rd4 ({After} 30. Ra6 Qc7 {White's
rook would be clearly out of play on the a-file.}) 30... Kg7 $1 {Now Black's
king finds a safe place on the h6-square.} 31. h4 Qb8 32. Bd5 Rf6 33. Bb3 {
At this moment the score in the match between Sweden and Israel was 1-1 with
two games remaining. Apart from my game, there was a game on the last board
Rodshtein-Cicak. I believe I took a very clever decision at this moment I
decided to wait for the developments on the last board and then to see whether
I needed to take a risk playing for a win.} Kh6 34. Rcc4 Qb5 35. Rc2 Qa5 36.
Rcd2 Qc5 37. Rd5 Qc8 ({Black achieves nothing with} 37... Qc1+ 38. Rd1) 38. Kh2
({I believe the change of position after} 38. Rxd6 Rxd6 39. Rxd6 Qg4+ 40. Kf1
Qxh4 $17 {is clearly favourable for Black.}) 38... Qc3 39. Kg2 Qb4 40. R5d4
Qb7+ 41. Bd5 Qc7 42. Bb3 Qe7 43. Rg4 Rf5 44. Rdd4 Qb7+ 45. Kg1 Qc7 46. Rgf4
Rxf4 {At this moment our last board won the game , so the draw in my game was
enough to reach a desirable 2.5 points. I offered a draw , that was accepted
by my opponent.} 1/2-1/2